书目信息 |
| 题名: |
刑法学
|
|
| 作者: | 高铭暄 主编 | |
| 分册: | ||
| 出版信息: | 北京 法律出版社 1984.05 |
|
| 页数: | 605页 | |
| 开本: | 21cm | |
| 丛书名: | ||
| 单 册: | ||
| 中图分类: | D914.01 | |
| 科图分类: | ||
| 主题词: | 法学--部门 | |
| 电子资源: | ||
| ISBN: | 7-5036-0055-1 | |
| 000 | 00577nam0 2200205 450 | |
| 001 | 1553763505 | |
| 005 | 20150104145916.57 | |
| 010 | @a7-5036-0055-1@dCNY4.25 | |
| 100 | @a20150104d1984 km y0chiy0120 ea | |
| 101 | 0 | @achi |
| 102 | @aCN@b110000 | |
| 200 | 1 | @a刑法学@Axing fa xue@f高铭暄主编@Fgao ming xuan zhu bian |
| 205 | @a2版 | |
| 210 | @a北京@c法律出版社@d1984.05 | |
| 215 | @a605页@d21cm | |
| 606 | 0 | @a法学@x部门 |
| 690 | @aD914.01@v4 | |
| 701 | 0 | @a高铭暄@Agao ming xuan@4主编 |
| 801 | 0 | @aCN@b大连网信软件有限公司图书馆·11@c20150104 |
| 905 | @aZUCC@dD914.01@eG157=2 | |
| 刑法学/高铭暄主编.-2版.-北京:法律出版社,1984.05 |
| 605页;21cm |
| ISBN 7-5036-0055-1:CNY4.25 |
| ● |
| 相关链接 |
|
|
|
正题名:刑法学
索取号:D914.01/G157=2
 
预约/预借
| 序号 | 登录号 | 条形码 | 馆藏地/架位号 | 状态 | 备注 |
| 1 | 495661 | 204956618 | 社科库509/509社科库 82排1列1层/ [索取号:D914.01/G157=2] | 在馆 |